000 00986cam a22002771 4500
001 gs 48000075
003 DLC
005 20260227111353.0
008 770815s1948 caua 000 0 eng c
010 _ags 48000075
035 _a(OCoLC)3188938
040 _aU.S. Geol. Survey. Library
_cTxEU
_dDLC
042 _apremarc
050 0 0 _aTN24.C2
_bA3 no. 136
051 _aTN24.C2
_bM8
_cCopy 2.
051 _aTN24.C2
_bA3 Suppl. no. 136
_cSupplement. San Franciso.
100 1 _aMurdoch, Joseph,
_d1890-
245 1 0 _aMinerals of California,
_cby Joseph Murdoch and Robert W. Webb.
260 _aSan Francisco,
_bCalifornia State Print. Off.,
_c1948.
300 _a402 p.
_bcol. plates, map
_c24 cm.
490 0 _aCalifornia. Dept. of Natural Resources. Division of Mines. Bulletin 136
504 _aBibliography: p. 321-402.
650 0 _aMineralogy
_zCalifornia.
650 0 _aMines and mineral resources
_zCalifornia.
700 1 _aWebb, Robert Wallace,
_d1909-
_ejoint author.
999 _c28262
_d28262